[Event ""]
[Site "Oslo (Norway)"]
[Date "1984.??.??"]
[Round "?"]
[White "De Firmian Nick E (USA)"]
[Black "Miles Anthony J (ENG)"]
[Result "1/2-1/2"]
[WhiteElo "2475"]
[BlackElo "2565"]
[Annotator ""]
[Source ""]
[Remark ""]

1.e4 c6 2.d4 d5 3.Nd2 dxe4 4.Nxe4 Nf6 5.Nxf6+ gxf6 6.c3 Bf5 7.Nf3
Qc7 8.g3 Nd7 9.Bg2 O-O-O 10.O-O e6 11.Re1 Bd6 12.b4 Bg4 13.Qa4
Bxf3 14.Bxf3 h5 15.Qxa7 h4 16.b5 cxb5 17.Rb1 hxg3 18.hxg3 Rdg8
19.Qa8+ Nb8 20.Rxb5 b6 21.Bg2 Qxc3 22.Rd1 Qc2 23.Qf3 Nd7 24.Be3
Kd8 25.d5 e5 26.Rc1 Qxa2 27.Rxb6 Ke7 28.Rxd6 Kxd6 29.Rc6+ Ke7
30.d6+ Ke6 31.Bf1 Rh4 32.Rc7 Qa4 33.Ra7 Qe4 34.Bh3+ f5 35.Qxe4
Rxe4 36.Rxd7 Rxe3 37.Bxf5+ Kxf5 38.fxe3 Ke6 39.Re7+ Kxd6 1/2-1/2

[Event ""]
[Site "Oslo (Norway)"]
[Date "1984.??.??"]
[Round "?"]
[White "Hort Vlastimil (GER)"]
[Black "Arnason Asgeir T (ISL)"]
[Result "1/2-1/2"]
[WhiteElo "2605"]
[BlackElo "2215"]
[Annotator ""]
[Source ""]
[Remark ""]

1.d4 Nf6 2.c4 e6 3.Nf3 b6 4.g3 Bb7 5.Bg2 Bb4+ 6.Bd2 c5 7.O-O
O-O 8.Bxb4 cxb4 9.a3 bxa3 10.Rxa3 Nc6 11.Nc3 Na5 12.c5 d6 13.Qa1
dxc5 14.dxc5 Qe7 15.Rc1 Qxc5 16.Ne4 Qe7 17.Nxf6+ Qxf6 18.b4 Qxa1
19.Rcxa1 Nc6 20.Ne5 Rac8 21.Bxc6 Bxc6 22.Rxa7 Bb5 23.Rb7 Rb8
24.Raa7 Rxb7 25.Rxb7 Bxe2 26.Rxb6 f6 27.Nc6 e5 28.f4 exf4 29.gxf4
Re8 30.b5 Bc4 31.Rb7 Kf8 32.f5 g6 33.Nd4 gxf5 34.Rc7 Bd5 35.Nxf5
Re1+ 36.Kf2 Rb1 37.Rc5 Bh1 38.Nd4 Ke7 39.Rc7+ Kd6 40.Rxh7 Kd5
41.Ke3 Re1+ 42.Ne2 Ke5 43.Kd2 Rb1 44.Nc3 Rb4 45.Re7+ Kd4 46.Rd7+
Ke5 47.Kc2 Be4+ 48.Nxe4 Kxe4 49.Rb7 Kd5 50.Kc3 Rh4 51.Rc7 Rxh2
52.b6 Rh1 53.Kb4 Rb1+ 54.Ka5 f5 55.Ka6 f4 56.Rf7 Ke4 1/2-1/2

[Event ""]
[Site "Oslo (Norway)"]
[Date "1984.??.??"]
[Round "?"]
[White "Huebner Robert Dr (GER)"]
[Black "Miles Anthony J (ENG)"]
[Result "0-1"]
[WhiteElo "2610"]
[BlackElo "2565"]
[Annotator ""]
[Source ""]
[Remark ""]

1.d4 Nf6 2.c4 e6 3.Nc3 Bb4 4.Qc2 c5 5.dxc5 O-O 6.a3 Bxc5 7.Nf3
Qc7 8.Bg5 Be7 9.e4 d6 10.Nb5 Qc6 11.Bd3 Nbd7 12.b4 a6 13.Nbd4
Qc7 14.O-O b6 15.Nd2 h6 16.Bh4 g5 17.Bg3 Nh5 18.Qd1 Nxg3 19.hxg3
Bf6 20.N2b3 Nc5 21.f4 Nxd3 22.Qxd3 Bb7 23.Rac1 Rad8 24.Rc2 Qe7
25.Qe3 Ba8 26.Rcf2 Rc8 27.Nd2 Bg7 28.f5 Bf6 29.Ne2 b5 30.c5 dxc5
31.bxc5 exf5 32.Rxf5 Bg7 33.g4 Rcd8 34.Kh1 Qd7 35.Nf3 Qd3 36.Qxd3
Rxd3 37.Ng3 Rxa3 38.Nh5 Bxe4 39.Nf6+ Bxf6 40.Rxf6 Bxf3 41.R1xf3
Ra1+ 42.Kh2 Kg7 43.Rb6 Ra4 44.Kg3 Rc8 45.Rf5 Rc7 46.c6 Kg6 47.Rd5
Kf6 48.Rd6+ Ke5 49.Rxh6 f6 50.Kh3 Ra3+ 51.Kh2 Kd6 52.g3 Ra2+
53.Kh3 Ra4 54.Kg2 Rc4 55.Rxa6 R7xc6 56.Ra5 Rb6 57.Kh3 Ra4 58.Rxa4
bxa4 59.Rh8 Ra6 60.Re8 Kd7 61.Re2 a3 62.Ra2 Kd6 63.Rd2+ Kc5 64.Ra2
Kc4 65.Rf2 Kb4 66.Re2 Rc6 67.Rf2 Kb3 68.Rf3+ Kb2 0-1

[Event ""]
[Site "Oslo (Norway)"]
[Date "1984.??.??"]
[Round "?"]
[White "Karpov Anatoly (RUS)"]
[Black "De Firmian Nick E (USA)"]
[Result "1/2-1/2"]
[WhiteElo "2705"]
[BlackElo "2475"]
[Annotator ""]
[Source ""]
[Remark ""]

1.e4 c6 2.d4 d5 3.exd5 cxd5 4.c4 Nf6 5.Nc3 e6 6.Nf3 Be7 7.cxd5
Nxd5 8.Bd3 O-O 9.O-O Nc6 10.a3 Nxc3 11.bxc3 b6 12.Be4 Bb7 13.Qd3
h6 14.Rd1 Rc8 15.Bf4 Bd6 16.Bg3 Qc7 17.Rac1 Rfd8 18.c4 Bxg3 19.hxg3
Na5 20.Bxb7 Qxb7 21.Rc3 Rc7 22.Rdc1 Rcd7 23.Qe3 Nc6 24.Rd3 Rd6
25.g4 Qd7 26.Rcd1 f6 27.Qe4 e5 28.d5 Ne7 29.Rb1 Rc8 30.Rdb3 Qe8
31.Nd2 Rdd8 32.Rd3 Ng6 33.a4 Nf4 34.Ra3 Qd7 35.f3 Qe7 36.Re3
Ne6 37.a5 Nc5 38.Qc2 bxa5 39.Rb5 a4 40.Ne4 a6 41.Rxc5 Rxc5 42.Qxa4
Qa7 43.Nxc5 Qxc5 44.Qb3 Rc8 1/2-1/2

[Event ""]
[Site "Oslo (Norway)"]
[Date "1984.??.??"]
[Round "14"]
[White "Karpov Anatoly (RUS)"]
[Black "Hort Vlastimil (GER)"]
[Result "1-0"]
[WhiteElo "2705"]
[BlackElo "2605"]
[Annotator ""]
[Source ""]
[Remark ""]

1.e4 Nc6 2.Nf3 d5 3.exd5 Qxd5 4.Nc3 Qa5 5.Bb5 a6 6.Bxc6+ bxc6
7.Qe2 Nf6 8.Ne5 e6 9.O-O Bd6 10.d4 O-O 11.Rd1 c5 12.Nc4 Qb4 13.a3
Qb8 14.Bg5 Nd5 15.Ne4 cxd4 16.Nexd6 cxd6 17.Rxd4 Ra7
( 17...a5 {!?} 18.Qh5 {!} {+1.22} ) 18.Qd3 f6 19.Bd2 Re7 20.Re1
Bb7 21.Na5 f5 22.c4 Nf6 23.Bb4 Ne4 24.Bxd6 Nxd6 25.Rxd6 f4 26.f3
Ba8 27.b4 e5 28.c5 e4 29.fxe4 f3 30.gxf3 Qc8 31.Rd1 Qh3 32.Rd8
Ref7 33.Rxf8+ Rxf8 34.Qc4+ Kh8 35.Qf7 Rd8 36.c6 Qh6 37.c7 1-0

[Event ""]
[Site "Oslo (Norway)"]
[Date "1984.??.??"]
[Round "?"]
[White "Makarichev Sergey (RUS)"]
[Black "Wedberg Tom (SWE)"]
[Result "1-0"]
[WhiteElo "2495"]
[BlackElo "2485"]
[Annotator ""]
[Source ""]
[Remark ""]

1.c4 c5 2.Nf3 Nc6 3.Nc3 e5 4.g3 g6 5.Bg2 Bg7 6.O-O d6 7.a3 a5
8.d3 Nge7 9.Rb1 O-O 10.Ne1 Be6 11.Nd5 Rb8 12.Bg5 f6 13.Bd2 b5
14.Nc2 Bf7 15.Nce3 f5 16.cxb5 Rxb5 17.Qa4 Qb8 18.Nc3 Rb6 19.Nc4
Ra6 20.b4 cxb4 21.axb4 Nxb4 22.Nxa5 Qc7 23.Qxb4 Qxa5 24.Nd5 Bxd5
25.Qxa5 Rxa5 26.Bxa5 Bxg2 27.Kxg2 Nc6 28.Bc7 d5 29.Rb6 Nd4 30.e3
Rc8 31.Bxe5 Bxe5 32.exd4 Bxd4 33.Rd6 Rc3 34.Rxd5 Rxd3 35.Rc1
Rc3 36.Rb1 Bf6 37.Rb8+ Kf7 38.Rd7+ Ke6 39.Rxh7 Bd4 40.Re8+ Kf6
41.Rf8+ Ke6 42.Rg8 Kf6 43.Rd7 Bc5 44.Rc7 Rc2 45.Kh3 1-0

[Event "It (cat.13)"]
[Site "Oslo (Norway)"]
[Date "1984.??.??"]
[Round "?"]
[White "Agdestein Simen (NOR)"]
[Black "Arnason Jon L (ISL)"]
[Result "1-0"]
[WhiteElo "2435"]
[BlackElo "2505"]
[Annotator ""]
[Source ""]
[Remark ""]

1.d4 Nf6 2.c4 e6 3.Nf3 c5 4.d5 exd5 5.cxd5 d6 6.Nc3 g6 7.Bf4
a6 8.e4 b5 9.Qe2 Nh5 10.Bg5 Be7 11.Bh6 Bf8 12.Qe3 Bxh6 13.Qxh6
Nd7 14.a4 b4 15.Nd1 Ndf6 16.Bd3 Bg4 17.Ng1 Bxd1 18.Rxd1 Qe7 19.Nf3
Ng4 20.Qd2 O-O 21.O-O a5 22.g3 c4 23.Bxc4 Qxe4 24.Nd4 Ne5 25.f3
Nxc4 26.fxe4 Nxd2 27.Rxd2 Rae8 28.Re2 f5 29.exf5 Rxe2 30.Nxe2
gxf5 31.Nd4 Ng7 32.Nc6 Re8 33.Kf2 Re4 34.b3 Ne8 35.Re1 Nf6 36.Rxe4
fxe4 37.Nxa5 Nxd5 38.Nc4 Kf8 39.Nxd6 e3+ 40.Ke2 1-0

[Event "It (cat.13)"]
[Site "Oslo (Norway)"]
[Date "1984.??.??"]
[Round "?"]
[White "Agdestein Simen (NOR)"]
[Black "Wedberg Tom (SWE)"]
[Result "1-0"]
[WhiteElo "2435"]
[BlackElo "2485"]
[Annotator ""]
[Source ""]
[Remark ""]

1.d4 Nf6 2.c4 e6 3.Nf3 c5 4.d5 exd5 5.cxd5 d6 6.Nc3 g6 7.Bf4
Bg7 8.Qa4+ Bd7 9.Qb3 Qc7 10.e4 O-O 11.e5 dxe5 12.Bxe5 Re8 13.Be2
c4 14.Bxc7 cxb3 15.Ne5 Ng4 16.Nxd7 Nxd7 17.axb3 Nh6 18.Kf1 Nf5
19.Bb5 Rec8 20.d6 Nf6 21.Rd1 a6 22.Be2 Nd7 23.Bf3 Bxc3 24.bxc3
Ra7 25.Bg4 b5 26.c4 bxc4 27.bxc4 Nc5 28.Rd5 Ne6 29.Bb6 Rd7 30.c5
Nf4 31.Rd1 Ne6 32.Rd5 Nf4 33.Re5 Nd3 34.Bxf5 Nxe5 35.f4 gxf5
36.fxe5 Kg7 37.Kf2 Kg6 38.Ke3 Re8 39.Kd4 f6 40.c6 fxe5+ 41.Kd5 1-0

[Event "It (cat.13)"]
[Site "Oslo (Norway)"]
[Date "1984.??.??"]
[Round "?"]
[White "Huebner Robert Dr (GER)"]
[Black "Makarichev Sergey (RUS)"]
[Result "1/2-1/2"]
[WhiteElo "2610"]
[BlackElo "2495"]
[Annotator ""]
[Source ""]
[Remark ""]

1.c4 Nf6 2.Nc3 e5 3.Nf3 Nc6 4.e3 Bb4 5.Nd5 Be7 6.d3 O-O 7.Be2
Nxd5 8.cxd5 Bb4+ 9.Bd2 Bxd2+ 10.Qxd2 Ne7 11.Nxe5 d6 12.Nc4 Nxd5
13.Bf3 Ne7 14.d4 d5 15.Ne5 a5 16.O-O c6 17.Rac1 Nf5 18.Be2 1/2-1/2

[Event "It (cat.13)"]
[Site "Oslo (Norway)"]
[Date "1984.??.??"]
[Round "?"]
[White "Karpov Anatoly (RUS)"]
[Black "Agdestein Simen (NOR)"]
[Result "1-0"]
[WhiteElo "2705"]
[BlackElo "2435"]
[Annotator ""]
[Source ""]
[Remark ""]

1.e4 e6 2.d4 d5 3.Nc3 Bb4 4.e5 c5 5.a3 Bxc3+ 6.bxc3 Ne7 7.Qg4
Qc7 8.Qxg7 Rg8 9.Qxh7 cxd4 10.Ne2 Nbc6 11.f4 Bd7 12.Qd3 dxc3
13.Qxc3 Nf5 14.Rb1 Rc8 15.Bd2 d4 16.Qd3 Nce7 17.Nxd4 Nxd4 18.Qxd4
Nf5 19.Qxa7 Qxc2 20.Qxb7 Rc7 21.Qb8+ Rc8 22.Qb4 Nd4 23.Kf2 Rg4
24.Qxd4 Qxb1 25.Rg1 Qa2 26.Be2 Rc2 27.Rd1 Rg8 28.g3 Bc6 29.Qd3
Bd5 30.Qb5+ Kf8 31.f5 exf5 32.Qxd5 Qxd5 33.Bh6+ Ke7 34.Rxd5 Ke6
35.Rd6+ Kxe5 36.Bf4+ Ke4 37.Rd7 Ra8 38.Re7+ 1-0

[Event "It (cat.13)"]
[Site "Oslo (Norway)"]
[Date "1984.??.??"]
[Round "?"]
[White "Miles Anthony J (ENG)"]
[Black "Arnason Jon L (ISL)"]
[Result "1-0"]
[WhiteElo "2565"]
[BlackElo "2505"]
[Annotator ""]
[Source ""]
[Remark ""]

1.d4 Nf6 2.c4 e6 3.Nc3 Bb4 4.e3 c5 5.Nge2 cxd4 6.exd4 O-O 7.a3
Be7 8.d5 exd5 9.cxd5 Bc5 10.b4 Bb6 11.Na4 Re8 12.Nxb6 axb6 13.d6
Ne4 14.Bb2 Nc6 15.g3 Ne5 16.Bg2 Nc4 17.Qd4 Nxb2 18.Bxe4 Qf6 19.Qxf6
gxf6 20.Bd5 b5 21.Ra2 Re5 22.Rxb2 Rxd5 23.Rd2 Rxd2 24.Kxd2 Ra6
25.Nd4 Rxd6 26.Ke3 b6 27.Rc1 Bb7 28.Rc7 1-0